| 000 | 00692nam a22002177a 4500 | ||
|---|---|---|---|
| 999 |
_c15391 _d15391 |
||
| 003 | AR-CdUCM | ||
| 008 | 190427b ||||| |||| 00| 0 spa d | ||
| 020 | _a978-607-404-676-2 | ||
| 040 |
_aMUNICIPALIDAD PROVINCIAL DEL CUSCO _cBIBLIOTECA MUNICIPAL DEL CUSCO |
||
| 041 | _heng | ||
| 082 |
_aEP / 803 / _bT12 |
||
| 100 |
_aThomas, Tig _931603 |
||
| 245 | _aHistoria clásicas de ciencia ficción / | ||
| 260 |
_aMéxico : _bSilver dolphin, _c2014. |
||
| 300 |
_a512 páginas ; _bIlustraciones, _c22 cm. |
||
| 650 |
_aLiteratura infantil _9588 |
||
| 650 |
_aCiencia ficción _91624 |
||
| 700 |
_aCaballero, Samantha (traducción) _924667 |
||
| 942 |
_2ddc _cLIBROS |
||
| 945 |
_aacv _d2019-04-27 |
||